00540nam a2200169 4500003001100000005001700011008004100028020001500069040003900084041000800123082001600131100002800147245009600175260004000271300002200311650003700333LK-CoMWRAF20231207120018.0231125b2002 |||||||| |||| 00| 0 eng d a9559151061 aLK-CoMWRAFdLK-CoMWRAFeLK-CoMWRAF aeng a348.04bHUS aHussain, M. S. Mohammed aHussain's complete digest of case law of Sri Lanka : 1820-2000, bVol-3 Agrarian to Appeals aKandy :b Arafa (Pvt.) Ltd.,c 2002 avi, 604 p.; 26 cm aLaw reports, digests, -Sri Lanka